| 000 | 00863cam a2200217 i 4500 | ||
|---|---|---|---|
| 020 | _a0898741963 | ||
| 082 | 0 | 0 |
_a621.31 _bELE _cL-10, P-14 |
| 100 | 1 |
_aSkrotzki, Bernhardt G. A., _941220 |
|
| 245 | 1 | 0 |
_aElectric transmission and distribution / _cBernhardt G. A. Skrotzki, editor ; contributors, E. M. Adkins, F. S. Benson, E. L. Michelson. |
| 260 |
_aHuntington, N.Y. : _bR. E. Krieger Pub. Co., _c1980, c1954. |
||
| 300 |
_aix, 448 p. : _bill. ; _c24 cm. |
||
| 500 | _aIncludes index. | ||
| 500 | _aReprint of the 1st ed. published by McGraw-Hill, New York, in series: Electric utility library. | ||
| 526 |
_a0 _b0 _c0 _d621_310000000000000_ELE |
||
| 650 | 0 |
_aElectric power distribution. _941221 |
|
| 650 | 0 |
_aMCE _9379 |
|
| 700 | 1 |
_aAdkins, E. M. _941222 |
|
| 700 | 1 |
_aBenson, Francis Schaar, _941223 |
|
| 700 | 1 |
_aMichelson, E. L. _941224 |
|
| 942 |
_2ddc _cBK |
||
| 999 |
_c545391 _d545391 |
||